| 000 | 00534nam a2200193Ia 4500 | ||
|---|---|---|---|
| 005 | 20250508162947.0 | ||
| 008 | 008 250505s9999 xx 000 0 eng d | ||
| 020 | _a0-391-03847-8 | ||
| 037 | _aTextual | ||
| 040 |
_aFEDL _beng _cFEDL |
||
| 041 |
_aeng _2eng |
||
| 084 |
_a194, ROT _qFEDL |
||
| 100 |
_aRotzer Florian _983201 |
||
| 245 | 0 | _aConversations with French philosophers | |
| 260 |
_aNew Jersey, USA _bHumanities Press _c1986 |
||
| 300 | _axii,109p | ||
| 942 |
_cTEXL _h194, ROT |
||
| 999 |
_c1379640 _d1379640 |
||